Object-Oriented software engineering: (Record no. 5317)

MARC details
000 -LEADER
fixed length control field 00760nam a22002537a 4500
003 - CONTROL NUMBER IDENTIFIER
control field OSt
005 - DATE AND TIME OF LATEST TRANSACTION
control field 20220107122819.0
008 - FIXED-LENGTH DATA ELEMENTS--GENERAL INFORMATION
fixed length control field 160720b xxu||||| |||| 00| 0 eng d
020 ## - INTERNATIONAL STANDARD BOOK NUMBER
International Standard Book Number 9788131704080
040 ## - CATALOGING SOURCE
Transcribing agency IIITMK
082 ## - DEWEY DECIMAL CLASSIFICATION NUMBER
Classification number 005.1 JAC/O
100 ## - MAIN ENTRY--PERSONAL NAME
Personal name Jacobson, Ivar
9 (RLIN) 10278
245 ## - TITLE STATEMENT
Title Object-Oriented software engineering:
Remainder of title A use case driven approach
Statement of responsibility, etc. Ivar Jacobson
260 ## - PUBLICATION, DISTRIBUTION, ETC.
Place of publication, distribution, etc. New Delhi,
Name of publisher, distributor, etc. Pearson,
Date of publication, distribution, etc. 2008.
300 ## - PHYSICAL DESCRIPTION
Extent 552p.
500 ## - GENERAL NOTE
General note Gifted by Dr. Rajasree M S
650 ## - SUBJECT ADDED ENTRY--TOPICAL TERM
Topical term or geographic name entry element COMPUTER SCIENCE
9 (RLIN) 10279
650 ## - SUBJECT ADDED ENTRY--TOPICAL TERM
Topical term or geographic name entry element SOFTWARE ENGINEERING
9 (RLIN) 10280
650 ## - SUBJECT ADDED ENTRY--TOPICAL TERM
Topical term or geographic name entry element OBJECT ORIENTED PROGRAMMING
9 (RLIN) 10580
700 ## - ADDED ENTRY--PERSONAL NAME
Personal name Christerson, Magnus
9 (RLIN) 10281
700 ## - ADDED ENTRY--PERSONAL NAME
Personal name Jonsson, Patrik
9 (RLIN) 10282
700 ## - ADDED ENTRY--PERSONAL NAME
Personal name Overgaard, Gunnar
9 (RLIN) 10283
942 ## - ADDED ENTRY ELEMENTS (KOHA)
Source of classification or shelving scheme Dewey Decimal Classification
Koha item type Books
Holdings
Withdrawn status Lost status Source of classification or shelving scheme Damaged status Not for loan Collection code Home library Current library Shelving location Date acquired Total Checkouts Full call number Barcode Date last seen Price effective from Koha item type
    Dewey Decimal Classification     Software Engineering Kerala University of Digital Sciences, Innovation and Technology Knowledge Centre Kerala University of Digital Sciences, Innovation and Technology Knowledge Centre Computer Science 20/07/2016   005.1 JAC/O 4597 03/12/2020 20/07/2016 Books